[Event "RA Winter op"]
[Site "Ottawa CAN"]
[Date "1992.??.??"]
[Round "3"]
[White "Brodie, Hugh"]
[Black "Smith, Eric"]
[Result "1/2-1/2"]
[WhiteElo "2085"]
[BlackElo "2060"]
[PlyCount "69"]
[EventDate "1992.??.??"]
[EventType "swiss"]
[EventRounds "5"]
[EventCountry "CAN"]

1. e4 g6 2. d4 Bg7 3. Nc3 c5 4. Nf3 cxd4 5. Nxd4 Nc6 6. Be3 Nf6 7. Nb3 O-O 8.
Be2 d6 9. O-O Be6 10. f4 Qc8 11. h3 Rd8 12. Qe1 d5 13. e5 Ne4 14. Nxe4 dxe4 15.
Nc5 Nd4 16. Bxd4 Rxd4 17. Nxe6 Qxe6 18. c3 Rdd8 19. Kh1 Qb6 20. Rb1 e3 21. Rf3
Rd2 22. Bc4 Rad8 23. Qxe3 Qc6 24. Be2 e6 25. Rf2 Qa4 26. Rff1 Qc2 27. Bf3 R8d3
28. Qe4 Rd7 29. Qxc2 Rxc2 30. Rfd1 Rc7 31. Be4 Rf2 32. Rf1 Rd2 33. Rfd1 Rf2 34.
Rf1 Rd2 35. Rfd1 1/2-1/2

[Event "RA Winter op"]
[Site "Ottawa CAN"]
[Date "1992.??.??"]
[Round "4"]
[White "Burgess, Paul"]
[Black "Brodie, Hugh"]
[Result "1/2-1/2"]
[WhiteElo "1970"]
[BlackElo "2085"]
[PlyCount "65"]
[EventDate "1992.??.??"]
[EventType "swiss"]
[EventRounds "5"]
[EventCountry "CAN"]

1. d4 e6 2. Nf3 f5 3. c4 Nf6 4. g3 d5 5. Bg2 c6 6. O-O Bd6 7. Nc3 O-O 8. Bg5
Qe8 9. Ne5 Nbd7 10. Nxd7 Bxd7 11. Qb3 Rb8 12. cxd5 exd5 13. Bxf6 Rxf6 14. e4
fxe4 15. Nxe4 Re6 16. Ng5 Rf6 17. Rae1 Qf8 18. Ne4 Rh6 19. Nxd6 Qxd6 20. Re5
Re6 21. Rfe1 Rxe5 22. Rxe5 Kf8 23. Qf3+ Kg8 24. Qe3 Kf7 25. Qf4+ Qf6 26. Qe3
Re8 27. f4 Rxe5 28. fxe5 Qf5 29. Bf1 Qb1 30. Qf2+ Ke7 31. g4 Qe4 32. h3 Be6 33.
b4 1/2-1/2

[Event "RA Winter op"]
[Site "Ottawa CAN"]
[Date "1992.??.??"]
[Round "5"]
[White "Brodie, Hugh"]
[Black "Magnan, Mike"]
[Result "1-0"]
[WhiteElo "2085"]
[BlackElo "1755"]
[PlyCount "35"]
[EventDate "1992.??.??"]
[EventType "swiss"]
[EventRounds "5"]
[EventCountry "CAN"]

1. f4 d5 2. e3 c5 3. Nf3 Nc6 4. b3 Nf6 5. Bb2 e6 6. Bb5 Bd7 7. O-O Bd6 8. d3
O-O 9. Bxc6 Bxc6 10. Ne5 Rc8 11. Nd2 b5 12. Qe1 Bb7 13. Qh4 c4 14. Ndf3 cxb3
15. cxb3 Rc2 16. Bd4 Qa5 17. Qg5 Rd8 18. Nc6 1-0

[Event "Toronto Class ch"]
[Site "Toronto CAN"]
[Date "1992.??.??"]
[Round "1"]
[White "Frilles, Ruperto"]
[Black "Brodie, Hugh"]
[Result "1-0"]
[WhiteElo "2090"]
[BlackElo "2085"]
[PlyCount "123"]
[EventDate "1992.??.??"]
[EventType "swiss"]
[EventRounds "5"]
[EventCountry "CAN"]

1. Nf3 f5 2. g3 Nf6 3. Bg2 e6 4. O-O Be7 5. d3 O-O 6. c4 d5 7. b3 c6 8. Bb2 Qe8
9. Nbd2 Qh5 10. Re1 Ng4 11. h3 Nh6 12. e4 dxe4 13. dxe4 f4 14. g4 Qa5 15. Qc2
Ba3 16. Bxa3 Qxa3 17. e5 Na6 18. Ng5 g6 19. Nde4 Qe7 20. Rad1 Nc5 21. Nf6+ Rxf6
22. exf6 Qxf6 23. Nf3 Nf7 24. b4 Nd7 25. c5 a5 26. bxa5 Rxa5 27. Rxd7 Bxd7 28.
Qd2 Rxc5 29. Qxd7 e5 30. Qxb7 Rb5 31. Qa8+ Kg7 32. Bf1 Rb4 33. Qa5 Qd6 34. Nxe5
Qd2 35. Nd3 Rb2 36. Qxd2 Rxd2 37. Nxf4 Rxa2 38. Bg2 Rc2 39. Ne6+ Kf6 40. Nd4
Rc4 41. Nxc6 h5 42. gxh5 gxh5 43. Bd5 Rc5 44. Bxf7 Kxf7 45. Ne5+ Kg7 46. Kg2
Rd5 47. Re3 Kf6 48. Nd3 Rg5+ 49. Rg3 Ra5 50. Rf3+ Kg6 51. h4 Rb5 52. Nf4+ Kh6
53. Nh3 Ra5 54. Rg3 Ra4 55. f4 Ra5 56. Re3 Ra2+ 57. Kg3 Ra4 58. Ng5 Rb4 59. Re4
Rb3+ 60. Nf3 Rb5 61. Re6+ Kg7 62. Re5 1-0

[Event "Toronto Class ch"]
[Site "Toronto CAN"]
[Date "1992.??.??"]
[Round "2"]
[White "Brice, Ron"]
[Black "Brodie, Hugh"]
[Result "0-1"]
[WhiteElo "2125"]
[BlackElo "2085"]
[PlyCount "106"]
[EventDate "1992.??.??"]
[EventType "swiss"]
[EventRounds "5"]
[EventCountry "CAN"]

1. d4 e6 2. c4 f5 3. g3 Nf6 4. Bg2 d5 5. Nh3 c6 6. O-O Bd6 7. Bf4 O-O 8. Nd2
Bxf4 9. Nxf4 Qe8 10. Qb3 Kh8 11. f3 Nbd7 12. e4 fxe4 13. fxe4 e5 14. dxe5 Qxe5
15. Nf3 Qxe4 16. cxd5 Nxd5 17. Nxd5 cxd5 18. Qa3 Kg8 19. Rfe1 Qf5 20. Rac1 d4
21. Kh1 d3 22. Rc4 Nf6 23. Rd4 Bd7 24. Qxd3 Qxd3 25. Rxd3 Bc6 26. Rde3 Ng4 27.
Rc3 Rae8 28. Rxe8 Rxe8 29. Rc2 Ne3 30. Re2 Nxg2 31. Rxe8+ Bxe8 32. Kxg2 Bf7 33.
a3 Bd5 34. Kf2 Kf7 35. Ke3 Kf6 36. Kf4 h6 37. h4 g6 38. g4 Bxf3 39. Kxf3 Ke5
40. Ke3 g5 41. hxg5 hxg5 42. b3 a5 43. a4 b6 44. Kd3 Kf4 45. Kc4 Kxg4 46. Kb5
Kf5 47. Kxb6 g4 48. Kxa5 g3 49. Ka6 g2 50. a5 g1=Q 51. b4 Ke6 52. Kb7 Qg7+ 53.
Ka6 Kd6 0-1

[Event "Toronto Class ch"]
[Site "Toronto CAN"]
[Date "1992.??.??"]
[Round "3"]
[White "Brodie, Hugh"]
[Black "Long, Bob"]
[Result "1/2-1/2"]
[WhiteElo "2085"]
[BlackElo "2120"]
[PlyCount "118"]
[EventDate "1992.??.??"]
[EventType "swiss"]
[EventRounds "5"]
[EventCountry "CAN"]

1. f4 g6 2. e4 Bg7 3. d4 d5 4. e5 h5 5. c3 c6 6. Qb3 Qc7 7. Nf3 Nh6 8. Be2 Bg4
9. O-O e6 10. Be3 Nd7 11. Nbd2 Nf5 12. Bf2 Bh6 13. g3 h4 14. Rfe1 hxg3 15. hxg3
Bf8 16. Ng5 Bxe2 17. Rxe2 Be7 18. Ndf3 Nb6 19. Kg2 Bxg5 20. Nxg5 O-O-O 21. Ree1
Qe7 22. Rh1 Rdg8 23. Rxh8 Rxh8 24. Rh1 Rxh1 25. Kxh1 Nc4 26. Qc2 Qf8 27. Qe2
Kd7 28. Kg2 Ke7 29. b3 Nb6 30. g4 Nh6 31. Bh4 Kd7 32. Kf3 Qa3 33. Qc2 a5 34.
Nh7 Nc8 35. Nf6+ Kc7 36. Bg5 Qf8 37. Qh2 Ng8 38. Qh8 Nce7 39. Nh7 Qc8 40. Bxe7
Nxe7 41. Qxc8+ Nxc8 42. Ng5 a4 43. Nxf7 Kd7 44. Ng5 axb3 45. axb3 Na7 46. Ke3
Nc8 47. Nf3 Ke7 48. Ne1 Kf7 49. Nd3 b6 50. Nb4 Ne7 51. Nd3 Kg7 52. Nb2 Kf7 53.
Na4 Nc8 54. Nb2 Ne7 55. Nd3 Ng8 56. Nf2 Nh6 57. Kf3 Kg7 58. Nh3 Nf7 59. Kg3 Kh7
1/2-1/2

[Event "Toronto Class ch"]
[Site "Toronto CAN"]
[Date "1992.??.??"]
[Round "4"]
[White "Haziprodromu, Sam"]
[Black "Brodie, Hugh"]
[Result "0-1"]
[WhiteElo "2055"]
[BlackElo "2085"]
[PlyCount "74"]
[EventDate "1992.??.??"]
[EventType "swiss"]
[EventRounds "5"]
[EventCountry "CAN"]

1. e4 c5 2. d4 cxd4 3. c3 d5 4. exd5 Qxd5 5. cxd4 Nc6 6. Nf3 e6 7. a3 Nf6 8.
Nc3 Qd8 9. Bd3 Be7 10. O-O O-O 11. Re1 a6 12. Bf4 Nd5 13. Nxd5 exd5 14. h3 Bf6
15. Ne5 g6 16. Nxc6 bxc6 17. Qc2 Bd7 18. Qc5 Re8 19. b4 a5 20. Rab1 axb4 21.
axb4 Be7 22. Qc3 Qb6 23. Be5 Ra4 24. b5 cxb5 25. Qb3 Ra3 26. Qc2 Bf8 27. Rec1
b4 28. Qc7 Qxc7 29. Rxc7 Be6 30. Bf1 Rea8 31. Rb7 Bf5 32. Rc1 Rc3 33. Rc7 Rxc1
34. Rxc1 Rc8 35. Rxc8 Bxc8 36. Bd3 b3 37. Bb1 Bf5 0-1

[Event "Toronto Class ch"]
[Site "Toronto CAN"]
[Date "1992.??.??"]
[Round "5"]
[White "Brodie, Hugh"]
[Black "Jurman, Hans"]
[Result "1/2-1/2"]
[WhiteElo "2085"]
[BlackElo "2055"]
[PlyCount "72"]
[EventDate "1992.??.??"]
[EventType "swiss"]
[EventRounds "5"]
[EventCountry "CAN"]

1. f4 Nf6 2. Nf3 d5 3. e3 c5 4. b3 Bg4 5. Bb2 Nbd7 6. Bb5 a6 7. Bxd7+ Nxd7 8.
O-O e6 9. Qe1 Bf5 10. d3 Nf6 11. Nbd2 h6 12. Ne5 Be7 13. Ndf3 O-O 14. Rd1 Qc7
15. Nh4 Bh7 16. Rf3 Qd8 17. Rh3 d4 18. e4 Nh5 19. Bc1 Kh8 20. f5 Qc7 21. Nhf3
Bd6 22. Rxh5 Bxe5 23. fxe6 f6 24. Nxe5 fxe5 25. Qg3 Rf6 26. Rxe5 Rg6 27. Qf4
Rf6 28. Rf5 Qxf4 29. Rxf4 Rxe6 30. Rdf1 Kg8 31. Rf7 b6 32. Rb7 Bg6 33. g4 Be8
34. Bf4 Rc8 35. h3 a5 36. Bg3 Bg6 1/2-1/2

[Event "CAN-op"]
[Site "Windsor CAN"]
[Date "1991.07.13"]
[Round "1"]
[White "Vasovic, Michael"]
[Black "Brodie, Hugh"]
[Result "0-1"]
[WhiteElo "1533"]
[BlackElo "2030"]
[PlyCount "112"]
[EventDate "1991.07.13"]
[EventType "swiss"]
[EventRounds "10"]
[EventCountry "CAN"]

1. e4 c5 2. Nf3 Nc6 3. d4 cxd4 4. Nxd4 g6 5. Nxc6 bxc6 6. Nc3 Bg7 7. Bd2 d6 8.
Bc4 Nf6 9. O-O O-O 10. Qf3 Qc7 11. Rfe1 Ng4 12. Bb3 Ne5 13. Qe2 a5 14. a4 Ba6
15. Qd1 Nc4 16. Bxc4 Bxc4 17. b3 Be6 18. Rb1 d5 19. exd5 Bxd5 20. Nxd5 cxd5 21.
Re2 Rfc8 22. Bc1 e6 23. Bb2 Bxb2 24. Rxb2 Qc3 25. Rb1 Ra6 26. Qd3 Qxd3 27. cxd3
Rc3 28. Rd2 Rb6 29. Rdb2 Rxd3 30. Kf1 Kf8 31. Ke2 Rc3 32. b4 Rxb4 33. Rxb4 axb4
34. Rxb4 Ra3 35. Rb8+ Ke7 36. Rb7+ Kf6 37. Ra7 e5 38. Ra6+ Kf5 39. Ra7 f6 40.
Rxh7 Rxa4 41. Rb7 Ke4 42. f3+ Kd4 43. Rb2 Kc3 44. Rb6 Ra2+ 45. Kf1 Kd3 46. Rxf6
Ke3 47. g4 Rxh2 48. Kg1 Ra2 49. g5 d4 50. Rxg6 d3 51. Rd6 d2 52. g6 Ra1+ 53.
Kg2 d1=Q 54. Rxd1 Rxd1 55. g7 Rd8 56. Kh3 Rg8 0-1

[Event "CAN-op"]
[Site "Windsor CAN"]
[Date "1991.07.14"]
[Round "3"]
[White "Robes, Sylvester"]
[Black "Brodie, Hugh"]
[Result "0-1"]
[WhiteElo "1770"]
[BlackElo "2030"]
[PlyCount "26"]
[EventDate "1991.07.13"]
[EventType "swiss"]
[EventRounds "10"]
[EventCountry "CAN"]

1. Nf3 f5 2. g3 Nf6 3. Bg2 e6 4. d3 d5 5. b3 Bd6 6. Bb2 O-O 7. O-O Qe8 8. Re1
e5 9. Nbd2 e4 10. Ng5 e3 11. Nf1 exf2+ 12. Kxf2 Ng4+ 13. Kf3 Qe4+ 0-1

[Event "CAN-op"]
[Site "Windsor CAN"]
[Date "1991.07.15"]
[Round "4"]
[White "Brodie, Hugh"]
[Black "Gillanders, Robert"]
[Result "1-0"]
[WhiteElo "2030"]
[BlackElo "1830"]
[PlyCount "109"]
[EventDate "1991.07.13"]
[EventType "swiss"]
[EventRounds "10"]
[EventCountry "CAN"]

1. f4 d5 2. e3 c5 3. Nf3 Nf6 4. b3 Nc6 5. Bb2 Bf5 6. Bb5 Bd7 7. O-O e6 8. d3
Qb6 9. Bxc6 Bxc6 10. Qe1 Be7 11. Nbd2 O-O-O 12. Ne5 Be8 13. c4 Kb8 14. Bc3 d4
15. exd4 cxd4 16. Bb2 Bb4 17. Qf2 h5 18. h3 Bxd2 19. Qxd2 Ng8 20. Qf2 Ne7 21.
Rfe1 Bc6 22. Nxf7 Nf5 23. Nxd8 Qxd8 24. Rxe6 Ne3 25. Rxe3 dxe3 26. Be5+ Ka8 27.
Qxe3 Rg8 28. d4 g5 29. d5 gxf4 30. Bxf4 Bd7 31. Rf1 Qf6 32. Bg5 Qg7 33. h4 Re8
34. Qf4 b6 35. Qf6 Qxf6 36. Rxf6 Re2 37. Rf2 Re1+ 38. Kh2 Re4 39. Kg3 Bg4 40.
Rd2 Kb7 41. Rc2 Re2 42. Rxe2 Bxe2 43. Kf2 Bg4 44. Ke3 Kc7 45. Kd4 Kd7 46. b4 a6
47. c5 bxc5+ 48. bxc5 Kc7 49. Bd2 Kd7 50. c6+ Kc8 51. Kc5 Bf5 52. d6 Be6 53.
d7+ Bxd7 54. cxd7+ Kxd7 55. Kb6 1-0

[Event "CAN-op"]
[Site "Windsor CAN"]
[Date "1991.07.16"]
[Round "5"]
[White "Andrews, Steven"]
[Black "Brodie, Hugh"]
[Result "1-0"]
[WhiteElo "2220"]
[BlackElo "2030"]
[PlyCount "111"]
[EventDate "1991.07.13"]
[EventType "swiss"]
[EventRounds "10"]
[EventCountry "CAN"]

1. d4 e6 2. Nf3 f5 3. g3 Nf6 4. Bg2 d5 5. O-O c6 6. c4 Bd6 7. b3 Qe7 8. Bb2 O-O
9. Qc2 Ne4 10. Nc3 Nd7 11. e3 Ndf6 12. Nd2 Bd7 13. f3 Nxd2 14. Qxd2 dxc4 15.
bxc4 e5 16. d5 cxd5 17. cxd5 b5 18. Rfd1 b4 19. Ne2 Ba4 20. Rdc1 Rfc8 21. Rxc8+
Rxc8 22. Rc1 Qb7 23. f4 Rxc1+ 24. Qxc1 Nd7 25. fxe5 Nxe5 26. Nf4 Bd7 27. Bd4
Bb5 28. Qc2 g6 29. Qb3 Bc4 30. Qa4 Bb5 31. Qa5 Nf7 32. Bf1 Bxf1 33. Kxf1 a6 34.
Ke2 Bc7 35. Qa4 Nd6 36. Bc5 Nb5 37. Qxb4 Bxf4 38. Qxf4 Nc3+ 39. Kd3 Nxd5 40.
Qc4 Qf7 41. Qxa6 Nc7 42. Qc4 Ne6 43. Bd4 Qd7 44. a4 Kf7 45. a5 Qb7 46. a6 Qb1+
47. Kd2 Qg1 48. a7 Qg2+ 49. Kc3 Qb7 50. Bb6 Qxb6 51. a8=Q Qxe3+ 52. Kb4 Qe1+
53. Kb5 Qb1+ 54. Ka6 Qa1+ 55. Kb7 Qh1+ 56. Kb8 1-0

[Event "CAN-op"]
[Site "Windsor CAN"]
[Date "1991.07.17"]
[Round "6"]
[White "Brodie, Hugh"]
[Black "Morris, Bob"]
[Result "1/2-1/2"]
[WhiteElo "2030"]
[BlackElo "1900"]
[PlyCount "80"]
[EventDate "1991.07.13"]
[EventType "swiss"]
[EventRounds "10"]
[EventCountry "CAN"]

1. f4 e5 2. fxe5 d6 3. exd6 Bxd6 4. Nf3 g5 5. g3 g4 6. Nh4 Ne7 7. d4 Ng6 8. Ng2
h5 9. Qd3 h4 10. Rg1 hxg3 11. hxg3 Nc6 12. c3 Qf6 13. e4 Be6 14. Be2 Nce5 15.
dxe5 Nxe5 16. Qe3 Nf3+ 17. Kd1 Nxg1 18. Qxg1 Bxg3 19. Be3 O-O-O+ 20. Nd2 Rh2
21. Kc2 Rdh8 22. Bd4 Be5 23. Rf1 Bxd4 24. cxd4 Qe7 25. d5 Bd7 26. Qxa7 c6 27.
dxc6 Bxc6 28. Bxg4+ Kc7 29. Bf3 Rd8 30. Qe3 Qd6 31. Nc4 Qg3 32. Rf2 Kb8 33. Re2
Rh3 34. Rf2 f5 35. Nf4 Bxe4+ 36. Bxe4 Qxe3 37. Nxe3 Rxe3 38. Bxf5 Rf8 39. Kd2
Re5 40. Bc2 Rg5 1/2-1/2

[Event "CAN-op"]
[Site "Windsor CAN"]
[Date "1991.07.18"]
[Round "7"]
[White "O'Connor, Michael"]
[Black "Brodie, Hugh"]
[Result "1/2-1/2"]
[WhiteElo "1845"]
[BlackElo "2030"]
[PlyCount "41"]
[EventDate "1991.07.13"]
[EventType "swiss"]
[EventRounds "10"]
[EventCountry "CAN"]

1. e4 c5 2. Nf3 Nc6 3. d4 cxd4 4. Nxd4 g6 5. c4 Bg7 6. Be3 Nf6 7. Nc3 Ng4 8.
Qxg4 Nxd4 9. Qd1 e5 10. Nb5 O-O 11. Qd2 Qh4 12. Bd3 Qe7 13. Nc7 Rb8 14. Nd5 Qd8
15. O-O d6 16. Rac1 Be6 17. f4 f5 18. fxe5 dxe5 19. Bg5 Qd7 20. Be7 Rf7 21. Bc5
1/2-1/2

[Event "CAN-op"]
[Site "Windsor CAN"]
[Date "1991.07.19"]
[Round "8"]
[White "Brodie, Hugh"]
[Black "Wolf, Adam"]
[Result "1-0"]
[WhiteElo "2030"]
[BlackElo "1855"]
[PlyCount "67"]
[EventDate "1991.07.13"]
[EventType "swiss"]
[EventRounds "10"]
[EventCountry "CAN"]

1. f4 Nf6 2. Nf3 d6 3. Nc3 Bg4 4. e4 e5 5. Bc4 Bxf3 6. Qxf3 Nbd7 7. O-O Be7 8.
d3 O-O 9. Bb3 c6 10. Be3 Qa5 11. Qh3 exf4 12. Rxf4 Qh5 13. Rh4 Qg6 14. Ne2 h6
15. Bxh6 gxh6 16. Rxh6 Qg5 17. Nf4 Kg7 18. Nh5+ Nxh5 19. Rxh5 Qg6 20. Qxd7 Qxh5
21. Qxe7 Qc5+ 22. Kh1 Rae8 23. Qh4 Re5 24. Rf1 Qe3 25. Qf6+ Kh7 26. Bxf7 Qh6
27. Bg6+ Kg8 28. Bh7+ Kxh7 29. Qxh6+ Kxh6 30. Rxf8 Kg7 31. Rf5 Re7 32. Kg1 Kg6
33. g4 Rh7 34. Kg2 1-0

[Event "CAN-op"]
[Site "Windsor CAN"]
[Date "1991.07.20"]
[Round "9"]
[White "Brodie, Hugh"]
[Black "Patterson, Roger"]
[Result "1/2-1/2"]
[WhiteElo "2030"]
[BlackElo "2205"]
[PlyCount "78"]
[EventDate "1991.07.13"]
[EventType "swiss"]
[EventRounds "10"]
[EventCountry "CAN"]

1. e4 e5 2. Nc3 Nf6 3. f4 d5 4. fxe5 Nxe4 5. Nf3 Be7 6. d4 c5 7. Bd3 Nxc3 8.
bxc3 O-O 9. O-O b6 10. Qe1 Ba6 11. Bxa6 Nxa6 12. Qg3 Nc7 13. Bg5 Bxg5 14. Nxg5
Ne6 15. Nxe6 fxe6 16. Rxf8+ Qxf8 17. Rf1 Qe7 18. Qd3 Rc8 19. Rf2 c4 20. Qf3 Rf8
21. Qxf8+ Qxf8 22. Rxf8+ Kxf8 23. Kf2 Ke7 24. Ke2 Kd7 25. Kd2 Kc6 26. Kc1 Kb5
27. Kb2 Ka4 28. a3 h5 29. g3 b5 30. Ka2 a6 31. Kb2 a5 32. h3 g5 33. g4 h4 34.
Ka2 b4 35. axb4 axb4 36. Kb2 b3 37. cxb3+ cxb3 38. c4 dxc4 39. d5 Kb5 1/2-1/2

[Event "CAN-op"]
[Site "Windsor CAN"]
[Date "1991.07.21"]
[Round "10"]
[White "Armstrong, John"]
[Black "Brodie, Hugh"]
[Result "1-0"]
[WhiteElo "2225"]
[BlackElo "2030"]
[PlyCount "139"]
[EventDate "1991.07.13"]
[EventType "swiss"]
[EventRounds "10"]
[EventCountry "CAN"]

1. d4 e6 2. c4 f5 3. Nf3 Nf6 4. g3 d5 5. Bg2 c6 6. O-O Bd6 7. Qc2 O-O 8. Bf4
Bxf4 9. gxf4 Qe8 10. Nbd2 Qh5 11. Ne5 Nbd7 12. Nxd7 Bxd7 13. Qd3 Ne4 14. Nf3
Qh6 15. Qe3 Be8 16. Rfc1 Bh5 17. Ne5 Nf6 18. b4 dxc4 19. Rxc4 Nd5 20. Bxd5 exd5
21. Rc5 a6 22. a4 Rfe8 23. Rb1 Re6 24. Rb2 Be8 25. Qc1 Qh5 26. Qe3 Rh6 27. Qg3
Ra7 28. Kg2 Ra8 29. b5 axb5 30. axb5 Ra3 31. f3 Kf8 32. bxc6 Bxc6 33. Rxc6 Rxc6
34. Rxb7 Rg6 35. Rb8+ Ke7 36. Rb7+ Kf8 37. Nxg6+ Qxg6 38. Qxg6 hxg6 39. Rd7 Ra5
40. Kg3 Rb5 41. Kh4 Rb2 42. Kg5 Rxe2 43. Kxg6 Rxh2 44. Kxf5 Rf2 45. Kg4 Rg2+
46. Kh3 Rg1 47. Rxd5 Kf7 48. f5 Kf6 49. f4 g5 50. fxg6 Kxg6 51. Re5 Kf6 52. d5
Rg8 53. Kh4 Rg1 54. Rh5 Rg2 55. Kh3 Rg1 56. Kh4 Rg2 57. Rg5 Rd2 58. Kg3 Rd3+
59. Kf2 Ra3 60. Ke2 Rh3 61. Re5 Ra3 62. d6 Ra7 63. Ke3 Rd7 64. Rd5 Ke6 65. Ke4
Rxd6 66. Rxd6+ Kxd6 67. Kf5 Ke7 68. Kg6 Kf8 69. Kf6 Kg8 70. Ke7 1-0

[Event "National op"]
[Site "Chicago USA"]
[Date "1991.??.??"]
[Round "1"]
[White "Lower, Spencer"]
[Black "Brodie, Hugh"]
[Result "1-0"]
[WhiteElo "2215"]
[BlackElo "1920"]
[PlyCount "41"]
[EventDate "1991.05.??"]
[EventType "swiss"]
[EventRounds "6"]
[EventCountry "USA"]

1. d4 e6 2. c4 f5 3. g3 Nf6 4. Bg2 d5 5. Nh3 c6 6. O-O Be7 7. b3 O-O 8. Bb2 Ne4
9. f3 Ng5 10. Nf4 Qe8 11. Nd2 Bd6 12. e4 fxe4 13. fxe4 Nxe4 14. Nxe4 dxe4 15.
Bxe4 e5 16. dxe5 Bxe5 17. Qd3 g6 18. Nxg6 hxg6 19. Bxg6 Qe7 20. Bh7+ Qxh7 21.
Rxf8+ 1-0

[Event "National op"]
[Site "Chicago USA"]
[Date "1991.??.??"]
[Round "2"]
[White "Brodie, Hugh"]
[Black "Svelmoe, Paul"]
[Result "1/2-1/2"]
[WhiteElo "1920"]
[BlackElo "2060"]
[PlyCount "88"]
[EventDate "1991.05.??"]
[EventType "swiss"]
[EventRounds "6"]
[EventCountry "USA"]

1. f4 Nf6 2. Nf3 g6 3. e3 Bg7 4. d4 O-O 5. Bd3 c5 6. c3 d6 7. O-O Nc6 8. Bc2
cxd4 9. exd4 Qa5 10. Nbd2 Bg4 11. Nc4 Qh5 12. Ne3 Bxf3 13. Rxf3 Qb5 14. f5 e6
15. Bd3 Qb6 16. fxe6 fxe6 17. Nc4 Qd8 18. Bf4 d5 19. Ne5 Nh5 20. Nxc6 bxc6 21.
Bg3 Qg5 22. Bd6 Rfd8 23. Bg3 Nxg3 24. Rxg3 Qe7 25. Qe2 Rf8 26. Re1 Rf6 27. Re3
Re8 28. Qg4 Qf7 29. h3 Bh6 30. Rf3 Rxf3 31. Qxf3 Qxf3 32. gxf3 Bf4 33. Kf2 Kf7
34. Rg1 Rb8 35. Rb1 Bd6 36. Ke3 a5 37. f4 Ke7 38. Be2 a4 39. Bd3 c5 40. dxc5
Bxc5+ 41. Kf3 Bd6 42. Ke3 Rf8 43. Rf1 Rb8 44. Rb1 Rf8 1/2-1/2

[Event "National op"]
[Site "Chicago USA"]
[Date "1991.??.??"]
[Round "3"]
[White "Solonka, Carl"]
[Black "Brodie, Hugh"]
[Result "0-1"]
[WhiteElo "1750"]
[BlackElo "1920"]
[PlyCount "34"]
[EventDate "1991.05.??"]
[EventType "swiss"]
[EventRounds "6"]
[EventCountry "USA"]

1. e4 c5 2. Nf3 Nc6 3. d4 cxd4 4. Nxd4 g6 5. Nc3 Bg7 6. Be3 Nf6 7. Be2 O-O 8.
Qd2 d5 9. exd5 Nxd5 10. Nxc6 bxc6 11. Bd4 e5 12. Bc5 Re8 13. O-O-O Qa5 14. Nxd5
Qxc5 15. Nc7 Bf5 16. Nxa8 Bh6 17. Nc7 Qxc2# 0-1

[Event "National op"]
[Site "Chicago USA"]
[Date "1991.??.??"]
[Round "4"]
[White "Brodie, Hugh"]
[Black "Ernst, Edward"]
[Result "1-0"]
[WhiteElo "1920"]
[BlackElo "2135"]
[PlyCount "75"]
[EventDate "1991.05.??"]
[EventType "swiss"]
[EventRounds "6"]
[EventCountry "USA"]

1. f4 g6 2. e4 d6 3. d4 Bg7 4. Nc3 c6 5. Nf3 Nf6 6. Bd3 O-O 7. O-O b5 8. e5
dxe5 9. fxe5 Nd5 10. Ne4 f5 11. Nc5 Na6 12. Nxa6 Bxa6 13. c3 e6 14. Qe1 Bb7 15.
Bg5 Qd7 16. Qh4 Rac8 17. Bh6 Bxh6 18. Qxh6 c5 19. Ng5 c4 20. Be2 b4 21. Rf3 Rc7
22. Rg3 bxc3 23. Bh5 Nf4 24. Nxe6 Nxe6 25. Bxg6 hxg6 26. Qxg6+ Ng7 27. bxc3 Qf7
28. Qh6 Rc6 29. Qg5 f4 30. Rf1 fxg3 31. Rxf7 gxh2+ 32. Kxh2 Kxf7 33. d5 Rg6 34.
e6+ Nxe6 35. dxe6+ Kg7 36. Qe7+ Kg8 37. Qxb7 Rxe6 38. Qd5 1-0

[Event "National op"]
[Site "Chicago USA"]
[Date "1991.??.??"]
[Round "5"]
[White "Gordon, Wallace"]
[Black "Brodie, Hugh"]
[Result "1-0"]
[WhiteElo "2110"]
[BlackElo "1920"]
[PlyCount "129"]
[EventDate "1991.05.??"]
[EventType "swiss"]
[EventRounds "6"]
[EventCountry "USA"]

1. e4 c5 2. Nf3 Nc6 3. d4 cxd4 4. Nxd4 g6 5. c4 Bg7 6. Be3 Nf6 7. Nc3 Ng4 8.
Qxg4 Nxd4 9. O-O-O d6 10. Qh4 Ne6 11. Nd5 Bd7 12. f4 Bc6 13. g4 Bxd5 14. cxd5
Nc5 15. Bb5+ Nd7 16. Qf2 Qa5 17. Bxd7+ Kxd7 18. Kb1 Rhc8 19. Rc1 Qb4 20. Qg2
Rc4 21. Rxc4 Qxc4 22. Qc2 Qxc2+ 23. Kxc2 Rc8+ 24. Kd3 a6 25. h4 e6 26. Rh2 Ke7
27. Rg2 Bf6 28. h5 gxh5 29. gxh5 exd5 30. exd5 Kf8 31. b3 Bg7 32. h6 Bxh6 33.
Rh2 Bg7 34. Rxh7 Kg8 35. Rh2 Kf8 36. Bd4 Bxd4 37. Kxd4 Ke7 38. Ke4 Rc1 39. Rh3
Rc2 40. a4 Rc1 41. Kf5 Rd1 42. Re3+ Kd7 43. Ke4 Rc1 44. Rd3 Rc5 45. Rd4 Rc1 46.
Kf5 Ke7 47. Re4+ Kd7 48. Rb4 Rc7 49. Kf6 Ke8 50. f5 Re7 51. a5 Re5 52. Rxb7
Rxd5 53. b4 Kd8 54. Rb6 Kc7 55. Rxa6 Rb5 56. Ra7+ Kc6 57. Rxf7 Rxb4 58. a6 d5
59. a7 Ra4 60. Ke5 Re4+ 61. Kf6 Ra4 62. Kg5 Kd6 63. Rb7 Ke5 64. f6 Ra1 65. f7
1-0

[Event "National op"]
[Site "Chicago USA"]
[Date "1991.??.??"]
[Round "6"]
[White "Brodie, Hugh"]
[Black "Schiller, Eric"]
[Result "0-1"]
[WhiteElo "1920"]
[BlackElo "2275"]
[PlyCount "46"]
[EventDate "1991.05.??"]
[EventType "swiss"]
[EventRounds "6"]
[EventCountry "USA"]

1. e4 e5 2. Nc3 Be7 3. Bc4 Nf6 4. d3 O-O 5. Nf3 d6 6. h3 c6 7. Bb3 b5 8. Bg5
Nbd7 9. O-O Bb7 10. Ne2 h6 11. Be3 d5 12. exd5 cxd5 13. Ng3 Re8 14. d4 e4 15.
Nd2 Bf8 16. c3 g6 17. f4 Qc7 18. Ne2 Nb6 19. f5 g5 20. h4 Ng4 21. Bf4 gxf4 22.
Nxf4 Nf6 23. Qe2 e3 0-1

[Event "Cornwall op"]
[Site "Cornwall CAN"]
[Date "1991.04.06"]
[Round "1"]
[White "Brodie, Hugh"]
[Black "Roy, Roger"]
[Result "1/2-1/2"]
[WhiteElo "2030"]
[BlackElo "1713"]
[PlyCount "56"]
[EventDate "1991.04.06"]
[EventType "swiss"]
[EventRounds "5"]
[EventCountry "CAN"]

1. f4 e5 2. fxe5 d6 3. exd6 Bxd6 4. Nf3 Bg4 5. e4 Qe7 6. Nc3 Nf6 7. d3 Nbd7 8.
Be2 c6 9. Nd4 Qe5 10. Bxg4 Qxd4 11. Bxd7+ Nxd7 12. Qf3 Ne5 13. Qh3 Bb4 14. Bd2
Rd8 15. O-O-O O-O 16. Rhf1 Qd7 17. Rf5 f6 18. Rdf1 Nc4 19. Be1 Nd6 20. R5f3
Qxh3 21. Rxh3 Nf7 22. Rhf3 Ne5 23. Rf4 Bd6 24. Rh4 Ng6 25. Rh3 Nf4 26. Rg3 Ng6
27. Rh3 Nf4 28. Rg3 Ng6 1/2-1/2

[Event "Cornwall op"]
[Site "Cornwall CAN"]
[Date "1991.04.06"]
[Round "2"]
[White "Burgess, Doug"]
[Black "Brodie, Hugh"]
[Result "1/2-1/2"]
[WhiteElo "1812"]
[BlackElo "2030"]
[PlyCount "50"]
[EventDate "1991.04.06"]
[EventType "swiss"]
[EventRounds "5"]
[EventCountry "CAN"]

1. e4 c5 2. Nf3 Nc6 3. d4 cxd4 4. c3 d5 5. e5 Bf5 6. Bd3 Bxd3 7. Qxd3 e6 8. O-O
Nge7 9. Bg5 Qb6 10. cxd4 Nf5 11. Rd1 Be7 12. Bxe7 Nfxe7 13. Nc3 a6 14. Na4 Qa7
15. a3 O-O 16. Rac1 Rac8 17. b4 b6 18. Ng5 Ng6 19. g3 a5 20. b5 Nce7 21. h4 h6
22. Nf3 Rxc1 23. Rxc1 Rc8 24. Rxc8+ Nxc8 25. Qc3 Nge7 1/2-1/2